| 000 | 00534nam a2200181Ia 4500 | ||
|---|---|---|---|
| 005 | 20250326142112.0 | ||
| 008 | 250326s9999 xx 000 0 und d | ||
| 037 | _aTextbook | ||
| 040 |
_aFMSL _beng _cFMSL |
||
| 041 |
_aeng _2eng |
||
| 084 |
_aY:435.448152N84 M6 _qFMSL |
||
| 100 | _aBanerjee B N | ||
| 245 | 0 |
_aBhopal gas tragedy : accident for experiment _cBanerjee B N |
|
| 260 |
_aNew Delhi _bNew Delhi, Paribus _c1986 |
||
| 300 | _a281p | ||
| 942 |
_cTB _hY:435.448152N84 M6 |
||
| 999 |
_c1293450 _d1293450 |
||